RFLP linkage analysis of the Cf-4 and Cf-9 genes for resistance to Cladosporium fulvum in tomato (Record no. 67009)

MARC details
000 -LEADER
fixed length control field 00481nam a2200169Ia 4500
100 ## - MAIN ENTRY--AUTHOR NAME
Personal name Ballnt-Kurti P J
245 #0 - TITLE STATEMENT
Title RFLP linkage analysis of the Cf-4 and Cf-9 genes for resistance to Cladosporium fulvum in tomato
260 ## - PUBLICATION, DISTRIBUTION, ETC. (IMPRINT)
Name of publisher Theoretical and Applied Genetics
Year of publication 1994
300 ## - PHYSICAL DESCRIPTION
Number of Pages 691-700
650 ## - SUBJECT ADDED ENTRY--TOPICAL TERM
Topical Term RFLP
700 ## - ADDED ENTRY--PERSONAL NAME
Personal name Dixon M S
700 ## - ADDED ENTRY--PERSONAL NAME
Personal name Jones D A
700 ## - ADDED ENTRY--PERSONAL NAME
Personal name Jones J D G
700 ## - ADDED ENTRY--PERSONAL NAME
Personal name Norcott K A
942 ## - ADDED ENTRY ELEMENTS (KOHA)
Koha item type Journals
Holdings
Withdrawn status Lost status Damaged status Not for loan Home library Current library Shelving location Date acquired Serial Enumeration / chronology Koha item type
      Journals RRII Library RRII Library RFLP 17/12/2021 Volume 88, Issue 07-Jun Journals